[Applebaum, Rachel: Empire of Friends]
| Titel: | [Applebaum, Rachel: Empire of Friends] / Moly Pucci |
|---|---|
| Verfasser: | |
| In: |
Cold war history, Band 20, Heft 1 (2020), Seite 115-117 alle Artikel anzeigen |
| Veröffentlicht: | 2020 |
| Format: | Aufsatz |
| Sprache: | Englisch |
X
alg: 52112494 001A $03025:05-09-24 001B $03025:05-09-24 $t13:34:31.000 001D $03025:05-09-24 001U $0utf8 001X $00 002@ $0Oou 002C $aText $btxt $2rdacontent 002D $aComputermedien $bc $2rdamedia 002E $aOnline-Ressource $bcr $2rdacarrier 003@ $0521124948 009Q $uhttps://doi.org/10.1080/14682745.2019.1695796 $xVolltext 010@ $aeng 010E $erda 011@ $a2020 013D $#Newspapers Sections, columns, etc. Reviews $#Book reviewing $#Journaux Cahiers, chroniques, etc. Comptes rendus $#Livres Recension $#Rezension $#Buchbesprechung $#Buchrezension $#Buchkritik $74049712-4 $8Rezension [Ts1] $9085138568 021A $a[Applebaum, Rachel: Empire of Friends] $hMoly Pucci 028A $BVerfasser $#Pucci, Molly Marie $4aut $71216424047 $8Pucci, Molly [Tp3] $9468178384 031A $d20 $e1 $h115-117 $j2020 039B $aEnthalten in $8--Obvc--. Cold war history. - London : Cass, 2000-. - Online-Ressource. - ISSN 1743-7962 $x202000000200001885 $9104512997 039T $aRezension von $8--Aau--Applebaum, Rachel$Z1980- [Tp3]. Empire of friends. - Ithaca : Cornell University Press, 2019. - x, 275 Seiten. - Illustrationen. - ISBN 978-1-5017-3557-8 $9451284275 045F $a306.0943710904 $eDDC23BSB 045F/01 $a306.09 045F/03 $f0904 045F/03 $g4371 045F/03 $g4373 045F/03 $g4708 lok: 52112494 78 exp: 52112494 78 1 #EPN 201B/01 $005-09-24 $t13:34:31.000 201C/01 $005-09-24 201U/01 $0utf8 203@/01 $01269869000 208@/01 $a05-09-24 $be 209A/01 $a/ $f000 $x00 209A/01 $ab*p $x01 220C/01 $apgar 244Z/01 $#Tschechoslowakei $#Tschechoslowakei $#Tschechische und Slowakische Föderative Republik $#République Tchéco-Slovaque $#Tchécoslovaquie $#Československá Federativní Republika $#Česká a Slovenská Federativní Republika $#Czech and Slovak Federal Republic $#ČSFR $#ČSSR $#ČSR $#RČS $#Československo $#Československá Socialistická Republika $#Československá Republika $#Tschechoslowakische Sozialistische Republik $#Tschechoslowakische Republik $#Tschechoslowakische Föderative Republik $#Republika Československá $#Czechoslovakia $#Čechoslovakische Republik $#République Tchécho-Slovaque $#Tchéchoslovaquie $#Czechoslovak Socialist Republic $#Checoeslovaquia $#Cecoslovacchia $#Čechoslovakija $#République tchécoslovaque $74078435-6 $8--Tg1--Tschechoslowakei $x04 $9085222305 247C/01 $82080>Marburg/Lahn, Herder-Institut, Forschungsbibliothek, Bibliographieportal $9336309341
| LEADER | 00000caa a2200000 c 4500 | ||
|---|---|---|---|
| 001 | 521124948 | ||
| 003 | DE-603 | ||
| 005 | 20240905133431.0 | ||
| 007 | cr|||||||||||| | ||
| 008 | 240905s2020 xx |||| o| u00||u|eng c | ||
| 035 | |a (DE-599)HEB521124948 | ||
| 040 | |a DE-603 |b ger |c DE-603 |d DE-603 |e rda | ||
| 041 | |a eng | ||
| 082 | 0 | 4 | |8 1\u |a 306.0943710904 |q DE-101 |2 23/BSB |
| 085 | |8 1\u |b 306.09 | ||
| 085 | |8 1\u |z 1 |s 0904 | ||
| 085 | |8 1\u |z 2 |s 4371 | ||
| 085 | |8 1\u |z 2 |s 4373 | ||
| 085 | |8 1\u |z 2 |s 4708 | ||
| 100 | 1 | |a Pucci, Molly |e Verfasser |4 aut |0 (DE-603)468178384 |0 (DE-588)1216424047 |2 gnd | |
| 245 | 0 | 0 | |a [Applebaum, Rachel: Empire of Friends] |c Moly Pucci |
| 264 | 0 | |c 2020 | |
| 336 | |a Text |b txt |2 rdacontent | ||
| 337 | |a Computermedien |b c |2 rdamedia | ||
| 338 | |a Online-Ressource |b cr |2 rdacarrier | ||
| 655 | 7 | |a Rezension |2 gnd-content |0 (DE-588)4049712-4 |0 (DE-603)085138568 | |
| 773 | 0 | 8 | |i Enthalten in |t Cold war history |d London : Cass, 2000- |h Online-Ressource |x 1743-7962 |g Band 20, Heft 1 (2020), Seite 115-117 |w (DE-603)104512997 |w (DE-600)2077986-0 |
| 787 | 0 | 8 | |i Rezension von |a Applebaum, Rachel, 1980- |t Empire of friends |d Ithaca : Cornell University Press, 2019 |h x, 275 Seiten, Illustrationen |z 9781501735578 |w (DE-603)451284275 |
| 856 | |u https://doi.org/10.1080/14682745.2019.1695796 | ||
| 924 | 1 | |9 2080 |a (DE-603)1269869000 |b DE-2080 |c HES |d d |g / | |


